| 000 | 00417nam a2200181Ia 4500 | ||
|---|---|---|---|
| 001 | 10637 | ||
| 005 | 20260306161847.0 | ||
| 008 | 260306t1946||||xx |||||||||||||| ||spa|| | ||
| 041 | _aESP | ||
| 082 |
_a946 _bM15 |
||
| 100 |
_aMaeztu, Ramiro de _eAUT |
||
| 245 | 0 | _aDefensa de la hispanidad | |
| 260 | _c1946 | ||
| 300 |
_a366 páginas : _c20 cm. |
||
| 650 | _aGEN | ||
| 654 | _aCHU | ||
| 942 |
_cLIB _dJUS _fJUS _2ddc _n |
||
| 999 |
_c10637 _d10637 |
||